01740nam a2200361 a 450000100100000000500170001000800410002702000180006804000250008608200200011110000380013124501320016926000440030130000320034549000290037750000710040650100380047756300750051559000260059060000680061665000280068465000280071265000310074070000420077170000440081370000500085783000380090791000410094595201330098695201180111995201240123799900170136100002821020250723150125.0110407s2010 dr a 000 p spa d a9789993446101 aDO-SdBNPbspacBNPHU aRD861.44bG869L1 aGris, Pedro José,d1958-92516913aEl libro de los saltos ; Voy hacia mi casa /cPedro José Gris ; estudio de José Enrique García y Bruno Rosario Candelier. aSanto Domingo :bAteneo Insular,c2010. a104, 46 p. :bil. ;c23 cm.1 aÍnsulas extrañasv16 aIncluye datos biográficos del autor en la solapa de la cubierta. aPublicado con: Voy hacia mi casa. aDos obras con encuadernación invertida y paginación independiente. aInventariado, 2018/LP14aGRIS, PEDRO JOSÉ,d1958-xCRÍTICA E INTERPRETACIÓN955204 0aPoesía dominicana966 0aProsa dominicana912146 0aLiteratura dominicana.9671 aRosario Candelier, Bruno,d1941-98511 aGarcía, José Enrique,d1948-9224871 aGris, Pedro José,tVoy hacia mi casa955205 0aÍnsulas extrañas ;v16926778 aValidado. Control de calidad MMOLINA 001054708DSaGRbGRcHDd2011-04-07iLF1l0oRD861.44 G869Lp28210-30r2020-06-25te. 3w2020-06-25yLFDSZPréstamo en sala 0010718PDaPDbPDcHDd2011-04-07iLF1l0oRD861.44 G869Lp28210-10r2020-06-25w2020-06-25yLFPDZNo se presta 0010718PDaPDbPDcHDd2011-04-07iLF1l0oRD861.44 G869Lp28210-20r2020-06-25te. 2w2020-06-25yLFPDZNo se presta c27702d27702